000 00824nam a2200277 a 4500
001 55553
003 BD-RjUL
005 20211209080300.0
008 190304s1944 enkaf b 001 0 eng d
035 _a(OCoLC)ocm00808283
035 _a(BD-RjUL)55676
040 _aU.S. Dept. of Agr. Library
_cCSU
_dSER
_beng
041 _aeng
082 _223
_a333.7
_bGRN 1944
100 1 _aGraham, Edward Harrison,
_d1902-
_9228950
245 1 0 _aNatural principles of land use /
_cEdward H. Graham.
260 _aLondon :
_bOxford University Press,
_c1944.
300 _axiii, 274 p. :
_bill.;
_c22 cm.
504 _aBibliography: p. 233-261.
650 0 _aLand use.
_9228951
650 0 _aBiology, Economic.
_9228952
650 0 _aNatural resources.
_9228953
942 _2ddc
_cBK
999 _c55553
_d55553